Statistiken für Harry Potter Quiz

Klicken Sie hier um das Quiz zu spielen!

Allgemein

  • Dieses Quiz wurde 441 mal gespielt
  • Das Durchschnittsergebnis liegt bei 7 aus 15

Antwortstatistiken

HintAntwort% Korrekt
Wie heißt Hagrids Hund?Fang
73%
Wer verriet Harry, dass man das Drachenei unter Wasser öffnen muss?Cedric Diggory
70%
Was für ein Wesen war der Vater von Hagrid?Mensch
66%
In welcher Hausnummer wohnen die Dursleys?Vier / 4
58%
Wie heißt der Vater von Voldemort?Tom Riddle Sr.
56%
In welches Tier kann sich Rita Kimmkorn verwandeln?Käfer
55%
Wie heißt die Schwester von Albus Dumbledore?Ariana
49%
Wie hieß der Busfahrer vom Fahrenden Ritter im 3. Teil?Ernie
48%
Welcher war der 4. Horkrux der zerstört wurde?Kelch
44%
Wie heißt Voldemorts Mutter?Merope Gaunt
30%
Wegen wem hat George sein Ohr verloren?Severus Snape
30%
Wie heißt das verzauberte Auto von Arthur Weasley? (Marke und Modell)Ford Anglia
28%
Mit welchen Tieren kann Ron sprechen?keinen
24%
Welches Tier ist der Patronus von Aberforth Dumbledore?Ziegenbock
21%
Aus welchen Holz besteht der Zauberstab von Harry?Stechpalme
17%

Verteilung der Resultate

Perzentil nach korrekt beantworteten Fragen

Anzahl Personen mit jedem Resultat

Ihre Resultats-Entwicklung

Sie haben dieses Quiz noch nicht gespielt